000 00583nam a2200217Ia 4500
005 20241129115718.0
008 241129s9999||||xx |||||||||||||| ||und||
020 _a9788183154949
037 _aTB
040 _aSDCL
_beng
_cSDCL
041 _ahin
_2hin
084 _aO15V R3
_qSDCL
100 _aTripathi Radhavallabh
245 0 _aAdhunik sanskrit sahitya ka samgra itihas
260 _aDelhi
_bNew bharatiya book corporation India
_c2023
300 _a734p.
365 _aINR
_b2000
650 _aSanskrit
942 _cTB
_hO15V R3
999 _c1231674
_d1231674